00774nam a2200301Ia 4500001001000000003000500010008004100015010001100056040000900067082002200076245009400098260002200192300001100214500005400225650001000279650001100289650001100300650002300311650001200334650001500346650001400361650001500375650001100390650001000401700002100411700001900432700002100451Para_6025CHAP220125s1983 xx 000 0 und d a204780 cCHAP aPA 581.13356 M52y aMicronutrientes en agricultura /c Comp. por J. Mortuedt, P. M. Giordanu, W. L. Lindslay aMéxico :b AGT a742 p. aTítulo original : Micronutrients in agriculture aBoro  aCadmio aCobre  aElementos menores  aFierro  aManganeso  aMercurio  aMolibdeno  aPlomo  aZinc  aGiordanu, P. M.  aLindslay, W.L. aMortvedt, J. J.